00542 2200217 4500001002100000008004100021035002000062245008600082100001400168250000600182260002900188300001200217084001400229082000800243650001300251990001200264990001200276990001200288990001200300990001200312INLIS000000000000821 ind  a0010-0524000056 aPendidikan Agama Kristen dan Budi Pekerti Pedoman Kehidupan 2 Kelas XIcRonald K. aRonald K. a1 aYogyakarta :bAndic2019 a226 hlm a220 RON p a220 aNonFiksi a0740954 a0740955 a0740956 a0740957 a0740958